Speak Peace in a World of Conflict: what you say next will change your world/ (Record no. 178053)

MARC details
000 -LEADER
fixed length control field 00671nam a22001817a 4500
005 - DATE AND TIME OF LATEST TRANSACTION
control field 20210312174150.0
010 ## - LCCN (DPL NO)
LC control number ENG-129245
020 ## - INTERNATIONAL STANDARD BOOK NUMBER
International Standard Book Number 978-93-82400-38-7
Terms of availability 450.00
035 ## - SYSTEM CONTROL NUMBER
System control number EN-112777
037 ## - SOURCE OF ACQUISITION
Source of stock number/acquisition DBAD/PUB
082 ## - DEWEY DECIMAL CLASSIFICATION NUMBER
Classification number 303.69
100 ## - MAIN ENTRY--PERSONAL NAME
Personal name Rosenberg, Marshall B.
245 ## - TITLE STATEMENT
Title Speak Peace in a World of Conflict: what you say next will change your world/
Statement of responsibility, etc Marshall B. Rosenberg
260 ## - PUBLICATION, DISTRIBUTION, ETC. (IMPRINT)
Name of publisher, distributor, etc Banyan Tree
Place of publication, distribution, etc Indore
Date of publication, distribution, etc 2020
270 ## - ADDRESS
Address 1-B, Dhenu Market, 1st Floor
City Indore
Postal code 452003
Electronic mail address banyantreebookstore@gmail.comtakali.india@gmail.com
Telephone number 7312531488, 8989461462, 9425904428
300 ## - PHYSICAL DESCRIPTION
Extent ix+188p.
Dimensions 22cm(pbk)
942 ## - ADDED ENTRY ELEMENTS (KOHA)
Source of classification or shelving scheme Dewey Decimal Classification
Item type English Books
Classification part 303.69
Call number suffix ROS
Holdings
Withdrawn status Lost status Not for loan Collection code Home library Current library Date acquired Source of acquisition Cost, normal purchase price Full call number Barcode Copy number Cost, replacement price Koha item type
      Non-fiction Ashok Vihar Ashok Vihar 12/03/2021 DBAD/PUB 450.00 303.69 ROS EN-112777 1 450.00 English Books

© Delhi Public Library
Hit Counter
free hit counter